[Event "Commonwealth Open 2019"]
[Site "Delhi"]
[Date "2019.07.04"]
[Round "6.1"]
[White "Gupta, Abhijeet"]
[Black "Debashis, Das"]
[Result "1-0"]
[WhiteElo "2606"]
[BlackElo "2544"]
[Annotator "ChessBase"]
[PlyCount "126"]
[EventDate "2019.06.30"]
[EventType "swiss"]
[EventCountry "IND"]
[SourceTitle "playchess.com"]
[Source "ChessBase"]
[SourceQuality "1"]
[TimeControl "5400+30"]

1. d4 {[%emt 0:00:10]} d5 {[%emt 0:00:00]} 2. c4 {[%emt 0:00:15]} dxc4 {[%emt 0:00:00]} 3. Nf3 {[%emt 0:00:47]} Nf6 {[%emt 0:00:00]} 4. e3 {[%emt 0:00:06]} e6 {[%emt 0:00:00]} 5. Bxc4 {[%emt 0:00:04]} c5 {[%emt 0:00:00]} 6. O-O {[%emt 0:00:07]} Nc6 {[%emt 0:00:00]} 7. Nc3 {[%emt 0:08:30]} a6 {[%emt 0:00:05]} 8. dxc5 {[%emt 0:03:31]} Qxd1 {[%emt 0:03:32]} 9. Rxd1 {[%emt 0:00:04]} Bxc5 {[%emt 0:00:06]} 10. b3 {[%emt 0:01:21]} Bd7 {[%emt 0:12:33]} 11. Bb2 {[%emt 0:01:57]} Rd8 {[%emt 0:00:06]} 12. Be2 {[%emt 0:03:53]} Be7 {[%emt 0:04:57]} 13. Na4 {[%emt 0:01:55]} O-O {[%emt 0:04:09]} 14. Nb6 {[%emt 0:02:35]} Be8 {[%emt 0:00:40]} 15. Rxd8 {[%emt 0:01:11]} Bxd8 {[%emt 0:00:41]} 16. Nc8 {[%emt 0:02:23]} Bd7 {[%emt 0:05:20]} 17. Nd6 {[%emt 0:00:19]} Be7 {[%emt 0:00:06]} 18. Rd1 {[%emt 0:04:31]} Bxd6 {[%emt 0:02:27]} 19. Rxd6 {[%emt 0:00:04]} Rd8 {[%emt 0:00:22]} 20. Ne5 {[%emt 0:06:03]} Be8 {[%emt 0:10:00]} 21. Nc4 {[%emt 0:03:31]} Nd5 {[%emt 0:02:05]} 22. e4 {[%emt 0:04:59]} Nde7 {[%emt 0:00:06]} 23. Rxd8 {[%emt 0:04:06]} Nxd8 {[%emt 0:00:05]} 24. Nd6 {[%emt 0:00:13]} Bd7 {[%emt 0:01:07]} 25. f4 {[%emt 0:04:38]} Nc8 {[%emt 0:02:49]} 26. Nc4 {[%emt 0:00:03]} Bb5 {[%emt 0:01:04]} 27. Kf2 {[%emt 0:00:25]} f6 {[%emt 0:03:53]} 28. Ke3 {[%emt 0:01:55]} Kf7 {[%emt 0:04:00]} 29. g4 {[%emt 0:00:05]} Bxc4 {[%emt 0:04:03]} 30. Bxc4 {[%emt 0:00:41]} Nb6 {[%emt 0:00:23]} 31. Be2 {[%emt 0:02:28]} Nc6 {[%emt 0:00:16]} 32. h4 {[%emt 0:01:50]} h6 {[%emt 0:00:29]} 33. Bc3 {[%emt 0:03:24]} Ke7 {[%emt 0:01:48]} 34. Bb2 {[%emt 0:01:17]} Kf7 {[%emt 0:01:32]} 35. Bd1 {[%emt 0:00:07]} Ke7 {[%emt 0:00:06]} 36. Ba3+ {[%emt 0:00:50]} Kf7 {[%emt 0:00:16]} 37. Bc5 {[%emt 0:00:27]} Nd7 {[%emt 0:00:48]} 38. Bd6 {[%emt 0:00:09]} Nf8 {[%emt 0:03:11]} 39. b4 {[%emt 0:01:35]} e5 {[%emt 0:11:44]} 40. Bb3+ {[%emt 0:00:28]} Ke8 {[%emt 0:00:07]} 41. f5 {[%emt 0:01:41]} Nd7 {[%emt 0:00:23]} 42. Bd5 {[%emt 0:07:48]} Nb6 {[%emt 0:00:23]} 43. Bxc6+ {[%emt 0:00:48]} bxc6 {[%emt 0:00:10]} 44. Kd3 {[%emt 0:00:03]} Nd7 {[%emt 0:11:48]} 45. Bc7 {[%emt 0:00:22]} Kf7 {[%emt 0:04:07]} 46. Kc4 {[%emt 0:01:13]} g6 {[%emt 0:00:04]} 47. h5 {[%emt 0:00:53]} gxh5 {[%emt 0:00:24]} 48. gxh5 {[%emt 0:00:04]} Ke7 {[%emt 0:00:32]} 49. a4 {[%emt 0:08:01]} Nf8 {[%emt 0:03:04]} 50. Kc5 {[%emt 0:04:07]} Kd7 {[%emt 0:00:03]} 51. Ba5 {[%emt 0:03:10]} Nh7 {[%emt 0:00:18]} 52. Kb6 {[%emt 0:00:10]} Ng5 {[%emt 0:00:12]} 53. Kxa6 {[%emt 0:00:05]} Nxe4 {[%emt 0:00:56]} 54. b5 {[%emt 0:00:27]} cxb5 {[%emt 0:04:55]} 55. axb5 {[%emt 0:00:07]} Nc5+ {[%emt 0:02:04]} 56. Ka7 {[%emt 0:00:05]} Nb3 {[%emt 0:00:49]} 57. Bc3 {[%emt 0:02:20]} Nd4 {[%emt 0:01:02]} 58. b6 {[%emt 0:00:36]} Nxf5 {[%emt 0:00:55]} 59. b7 {[%emt 0:01:10]} Ne7 {[%emt 0:00:07]} 60. Kb6 {[%emt 0:01:11]} Nc6 {[%emt 0:00:15]} 61. Bd2 {[%emt 0:00:05]} Nb8 {[%emt 0:00:28]} 62. Bxh6 {[%emt 0:00:26]} Ke6 {[%emt 0:00:01]} 63. Bf8 {[%emt 0:01:18]} Kd5 1-0

[Event "Commonwealth Open 2019"]
[Site "Delhi"]
[Date "2019.07.04"]
[Round "6.2"]
[White "Kulkarni, Bhakti"]
[Black "Narayanan.S.L"]
[Result "1/2-1/2"]
[WhiteElo "2380"]
[BlackElo "2603"]
[Annotator "ChessBase"]
[PlyCount "90"]
[EventDate "2019.06.30"]
[EventType "swiss"]
[EventCountry "IND"]
[SourceTitle "playchess.com"]
[Source "ChessBase"]
[SourceQuality "1"]
[TimeControl "5400+30"]

1. d4 {[%emt 0:00:00]} Nf6 {[%emt 0:00:00]} 2. c4 {[%emt 0:00:13]} e6 {[%emt 0:00:00]} 3. Nf3 {[%emt 0:00:36]} d5 {[%emt 0:00:00]} 4. Nc3 {[%emt 0:00:37]} dxc4 {[%emt 0:00:00]} 5. e3 {[%emt 0:01:54]} a6 {[%emt 0:00:02]} 6. a4 {[%emt 0:01:59]} b6 {[%emt 0:00:25]} 7. Bxc4 {[%emt 0:00:18]} Bb7 {[%emt 0:00:06]} 8. O-O {[%emt 0:00:51]} Bb4 {[%emt 0:00:05]} 9. Qe2 {[%emt 0:02:03]} Nbd7 {[%emt 0:02:17]} 10. Bd2 {[%emt 0:02:52]} O-O {[%emt 0:05:29]} 11. Rfd1 {[%emt 0:03:20]} Qe7 {[%emt 0:02:05]} 12. Rac1 {[%emt 0:00:38]} e5 {[%emt 0:06:20]} 13. Nxe5 {[%emt 0:11:46]} Nxe5 {[%emt 0:00:10]} 14. dxe5 {[%emt 0:00:06]} Qxe5 {[%emt 0:00:06]} 15. f4 {[%emt 0:08:47]} Qe7 {[%emt 0:09:07]} 16. Nd5 {[%emt 0:07:30]} Bxd5 {[%emt 0:06:25]} 17. Bxb4 {[%emt 0:00:08]} Bxc4 {[%emt 0:19:11]} 18. Rxc4 {[%emt 0:00:41]} c5 {[%emt 0:00:05]} 19. Bc3 {[%emt 0:01:18]} Ne8 {[%emt 0:03:58]} 20. f5 {[%emt 0:08:07]} b5 {[%emt 0:03:23]} 21. Rf4 {[%emt 0:02:54]} f6 {[%emt 0:09:03]} 22. axb5 {[%emt 0:11:31]} axb5 {[%emt 0:00:05]} 23. Qxb5 {[%emt 0:02:02]} Qxe3+ {[%emt 0:00:08]} 24. Rf2 {[%emt 0:00:04]} Nd6 {[%emt 0:00:24]} 25. Qe2 {[%emt 0:00:05]} Qe4 {[%emt 0:07:55]} 26. Qxe4 {[%emt 0:11:06]} Nxe4 {[%emt 0:00:05]} 27. Re2 {[%emt 0:00:08]} Ra4 {[%emt 0:01:45]} 28. Be1 {[%emt 0:01:36]} Re8 {[%emt 0:02:02]} 29. b4 {[%emt 0:04:17]} Raa8 {[%emt 0:03:55]} 30. bxc5 {[%emt 0:05:57]} Nxc5 {[%emt 0:00:04]} 31. Rxe8+ {[%emt 0:00:37]} Rxe8 {[%emt 0:00:07]} 32. Bb4 {[%emt 0:03:13]} Ne4 {[%emt 0:00:06]} 33. g4 {[%emt 0:00:23]} h5 {[%emt 0:00:47]} 34. gxh5 {[%emt 0:03:04]} Kh7 {[%emt 0:05:58]} 35. Re1 {[%emt 0:00:49]} Kh6 {[%emt 0:02:26]} 36. Bd2+ {[%emt 0:02:03]} Kxh5 {[%emt 0:00:32]} 37. h3 {[%emt 0:00:05]} g6 {[%emt 0:03:11]} 38. fxg6 {[%emt 0:00:14]} Kxg6 {[%emt 0:00:11]} 39. Kg2 {[%emt 0:00:28]} f5 {[%emt 0:00:47]} 40. Bf4 {[%emt 0:00:30]} Kh5 {[%emt 0:00:28]} 41. Rb1 {[%emt 0:01:35]} Rg8+ {[%emt 0:04:53]} 42. Kf3 {[%emt 0:00:13]} Rc8 {[%emt 0:01:14]} 43. Rb6 {[%emt 0:00:30]} Rc3+ {[%emt 0:00:03]} 44. Kg2 {[%emt 0:00:12]} Ng5 {[%emt 0:00:06]} 45. Bxg5 {[%emt 0:00:35]} Kxg5 {[%emt 0:00:06]} 1/2-1/2

[Event "Commonwealth Open 2019"]
[Site "Delhi"]
[Date "2019.07.04"]
[Round "6.3"]
[White "Aravindh, Chithambaram Vr."]
[Black "Swapnil, S. Dhopade"]
[Result "1/2-1/2"]
[WhiteElo "2598"]
[BlackElo "2488"]
[Annotator "ChessBase"]
[PlyCount "134"]
[EventDate "2019.06.30"]
[EventType "swiss"]
[EventCountry "IND"]
[SourceTitle "playchess.com"]
[Source "ChessBase"]
[SourceQuality "1"]
[TimeControl "5400+30"]

1. d4 {[%emt 0:00:00]} Nf6 {[%emt 0:00:00]} 2. c4 {[%emt 0:00:00]} e6 {[%emt 0:01:31]} 3. Nf3 {[%emt 0:00:07]} d5 {[%emt 0:00:14]} 4. Nc3 {[%emt 0:00:09]} c5 {[%emt 0:00:36]} 5. Bg5 {[%emt 0:00:11]} cxd4 {[%emt 0:03:10]} 6. Nxd4 {[%emt 0:00:23]} Be7 {[%emt 0:20:54]} 7. cxd5 {[%emt 0:01:35]} exd5 {[%emt 0:01:48]} 8. e3 {[%emt 0:01:46]} O-O {[%emt 0:00:14]} 9. Be2 {[%emt 0:00:10]} Nc6 {[%emt 0:00:20]} 10. O-O {[%emt 0:00:28]} Be6 {[%emt 0:04:31]} 11. Qd2 {[%emt 0:07:20]} Rc8 {[%emt 0:07:36]} 12. Rfd1 {[%emt 0:01:04]} Ne5 {[%emt 0:00:42]} 13. Rac1 {[%emt 0:05:46]} Nc4 {[%emt 0:08:40]} 14. Qc2 {[%emt 0:09:54]} Qb6 {[%emt 0:07:36]} 15. b3 {[%emt 0:02:50]} Nd6 {[%emt 0:02:09]} 16. Qb2 {[%emt 0:05:04]} Rfd8 {[%emt 0:07:30]} 17. h3 {[%emt 0:04:42]} a6 {[%emt 0:03:02]} 18. Rc2 {[%emt 0:14:12]} h6 {[%emt 0:04:45]} 19. Bh4 {[%emt 0:02:23]} Nf5 {[%emt 0:04:52]} 20. Nxf5 {[%emt 0:01:01]} Bxf5 {[%emt 0:00:02]} 21. Bd3 {[%emt 0:00:07]} Bxd3 {[%emt 0:05:02]} 22. Rxd3 {[%emt 0:00:05]} d4 {[%emt 0:00:28]} 23. Nd1 {[%emt 0:04:13]} Rxc2 {[%emt 0:07:12]} 24. Qxc2 {[%emt 0:00:05]} dxe3 {[%emt 0:01:09]} 25. Nxe3 {[%emt 0:00:32]} Rxd3 {[%emt 0:00:09]} 26. Qxd3 {[%emt 0:00:03]} g6 {[%emt 0:03:03]} 27. Qc3 {[%emt 0:07:02]} Qe6 {[%emt 0:00:05]} 28. Qc7 {[%emt 0:00:33]} b5 {[%emt 0:00:22]} 29. Qb7 {[%emt 0:04:51]} g5 {[%emt 0:03:21]} 30. Bg3 {[%emt 0:01:19]} Ne4 {[%emt 0:00:02]} 31. Bb8 {[%emt 0:04:32]} Bc5 {[%emt 0:00:24]} 32. Ba7 {[%emt 0:00:09]} Bxa7 {[%emt 0:01:50]} 33. Qxa7 {[%emt 0:00:04]} Nc3 {[%emt 0:01:25]} 34. Qc5 {[%emt 0:03:49]} Ne2+ {[%emt 0:00:58]} 35. Kh2 {[%emt 0:00:36]} Nf4 {[%emt 0:00:04]} 36. Ng4 {[%emt 0:00:58]} Kg7 {[%emt 0:00:38]} 37. g3 {[%emt 0:01:02]} Nd5 {[%emt 0:00:47]} 38. Qd4+ {[%emt 0:00:59]} f6 {[%emt 0:00:04]} 39. Kg2 {[%emt 0:00:04]} Qc6 {[%emt 0:01:17]} 40. Kg1 {[%emt 0:00:41]} Qe6 {[%emt 0:00:24]} 41. Nh2 {[%emt 0:00:24]} Ne7 {[%emt 0:00:43]} 42. Qc5 {[%emt 0:02:24]} Nf5 {[%emt 0:00:47]} 43. Nf3 {[%emt 0:00:44]} Qe4 {[%emt 0:00:16]} 44. Nd2 {[%emt 0:01:15]} Qe1+ {[%emt 0:00:12]} 45. Nf1 {[%emt 0:00:06]} Qe4 {[%emt 0:00:57]} 46. Qc7+ {[%emt 0:02:28]} Kg6 {[%emt 0:00:05]} 47. Qc8 {[%emt 0:00:08]} Kg7 {[%emt 0:00:31]} 48. Qd7+ {[%emt 0:10:00]} Kg6 {[%emt 0:00:12]} 49. Qd8 {[%emt 0:00:03]} Kg7 {[%emt 0:00:03]} 50. g4 {[%emt 0:01:13]} Nh4 {[%emt 0:00:04]} 51. Ne3 {[%emt 0:00:32]} Qf3 {[%emt 0:00:47]} 52. Qd7+ {[%emt 0:01:32]} Kg6 {[%emt 0:00:40]} 53. Qe8+ {[%emt 0:03:08]} Kg7 {[%emt 0:00:05]} 54. Qd7+ {[%emt 0:00:03]} Kg6 {[%emt 0:00:04]} 55. Qd5 {[%emt 0:00:31]} Qxd5 {[%emt 0:00:38]} 56. Nxd5 {[%emt 0:00:05]} Nf3+ {[%emt 0:00:07]} 57. Kg2 {[%emt 0:00:17]} Nd4 {[%emt 0:00:06]} 58. b4 {[%emt 0:01:33]} Nc6 {[%emt 0:00:44]} 59. Kf3 {[%emt 0:01:01]} f5 {[%emt 0:00:19]} 60. Ke3 {[%emt 0:00:07]} h5 {[%emt 0:00:24]} 61. f3 {[%emt 0:00:38]} fxg4 {[%emt 0:01:01]} 62. fxg4 {[%emt 0:00:04]} hxg4 {[%emt 0:00:19]} 63. hxg4 {[%emt 0:00:04]} Ne5 {[%emt 0:00:03]} 64. Nc7 {[%emt 0:00:06]} Nxg4+ {[%emt 0:00:06]} 65. Kf3 {[%emt 0:00:29]} Kf5 {[%emt 0:00:32]} 66. Nxa6 {[%emt 0:00:08]} Ne5+ {[%emt 0:00:05]} 67. Kg3 {[%emt 0:00:05]} Nc6 {[%emt 0:00:35]} 1/2-1/2

[Event "Commonwealth Open 2019"]
[Site "Delhi"]
[Date "2019.07.04"]
[Round "6.4"]
[White "Lalith, Babu M R"]
[Black "Laxman, R.R."]
[Result "1-0"]
[WhiteElo "2571"]
[BlackElo "2437"]
[Annotator "TA"]
[PlyCount "173"]
[EventDate "2019.06.30"]
[EventType "swiss"]
[EventCountry "IND"]
[SourceTitle "playchess.com"]
[Source "ChessBase"]
[SourceQuality "1"]

{[%evp 9,173,-43,13,6,25,29,50,-10,0,0,0,0,0,0,0,0,0,17,15,27,28,19,32,18,44,19,50,41,50,31,24,0,25,28,39,35,31,23,14,19,41,41,54,45,42,41,26,0,10,0,73,80,131,76,98,50,144,139,147,162,161,162,134,85,76,70,75,66,118,81,148,135,129,147,171,148,198,130,130,132,194,204,196,200,250,33,37,24,40,0,0,0,0,0,0,0,0,0,0,0,0,0,0,0,0,0,0,0,0,0,0,0,0,0,8,8,8,8,8,9,135,95,86,47,47,52,50,53,117,110,608,524,680,671,599,592,487,18,12836,12842,5070,2651,5619,715,403,22,22,22,22,22,29968,29968,29982,29983,29983,29984,29984,29985,29985,29986,29986,29987,29987,29987,29987,29988]} 1. d4 Nf6 2. c4 e6 3. Nc3 Bb4 4. f3 d5 5. Bg5 Bxc3+ (5... h6 $15 6. Bd2 c5) 6. bxc3 $11 {E20: Nimzo-Indian: 4 g3 and 4 f3} c6 7. e3 Nbd7 8. a3 $146 (8. cxd5 $14 exd5 9. Bd3) ({Predecessor:} 8. Qc2 Qa5 9. Nh3 O-O 10. Be2 h6 11. Bh4 dxc4 12. e4 b5 13. O-O {0-1 (41) Kojoukhar,A (2121)-Tuncer,U (1887) Bad Bevensen 1994}) 8... Qa5 9. Qd2 dxc4 10. Bxf6 $1 Nxf6 11. Bxc4 e5 12. Ne2 O-O 13. e4 Be6 14. Bxe6 fxe6 15. Qg5 Nd7 16. O-O Rae8 17. Rfd1 Qb5 18. Qe3 Qc4 19. Rab1 b6 20. Rd2 Qa6 21. Ra1 exd4 22. cxd4 c5 23. dxc5 Nxc5 24. Rad1 h6 25. Nf4 Kh7 26. h4 e5 27. Nh5 {Hoping for Rd7!} Qa4 28. Rd5 Rf7 29. Ng3 Ree7 (29... Ne6 $11) 30. Nf5 $16 Rd7 ({Better is} 30... Rc7) 31. Nd6 (31. Qc3 $142 $1) 31... Rfe7 32. Kh2 Re6 (32... Ne6 $1 $14) 33. Qc3 Qb3 34. Qxb3 Nxb3 35. Nc4 Rde7 36. Rd7 b5 37. Ne3 Nd4 38. Rd5 g6 (38... h5 $14) 39. Rc5 Rc6 (39... Rd6 $142) 40. Rxc6 Nxc6 {[%mdl 4096] Endgame KRN-KRN} 41. Rd6 Nd4 42. Nd5 $1 {[%cal Rd5e7]} Rb7 43. Nf6+ (43. f4 $1 $18) 43... Kg7 44. Nd7 Nc2 (44... Nc6 $16 {keeps fighting.} 45. Kg3 (45. Rxc6 Rxd7 46. h5 gxh5 $16) 45... Rc7) 45. Nxe5 $18 Nxa3 46. Rxg6+ Kh7 47. Ra6 $2 (47. h5 $1 $18 Rg7 48. Ra6) 47... b4 $1 $14 48. Nd3 {Black must now prevent Nxb4!} Nc4 49. Nxb4 (49. Ra4 {keeps more tension.} a5 50. Nc5 Re7 51. Nb3 h5 52. Kg3) 49... Rxb4 50. Rxa7+ {KRN-KR} Kg6 51. Ra6+ Kg7 52. Kh3 Rb2 53. h5 Rb5 54. Kh4 Rb2 55. Rg6+ Kh7 56. f4 Ne3 57. Kh3 Rb4 58. Re6 Rb3 59. g3 Rb1 {[%cal Rb1h1]} 60. g4 Rb3 {White should prevent ...Nd5+.} 61. g5 Nd5+ 62. Kh4 Nxf4 63. Rxh6+ Kg7 64. Kg4 Ng2 (64... Ne2 $1 $11 {keeps the balance.}) 65. Rg6+ {[%mdl 1024] White has strong compensation.} Kh7 66. Rd6 {Threatens to win with Rd7+.} Ne3+ 67. Kf4 {And now Rd7+ would win.} Ng2+ 68. Ke5 Rb7 69. Kf6 $1 Nf4 $2 {[%mdl 8192]} (69... Rb8 $16 70. Rd7+ Kg8) 70. Kf5 $1 $18 {[%cal Rf5f4]} Ne2 71. e5 $1 Ng3+ 72. Kg4 Ne4 73. Rc6 $2 (73. Rh6+ $18 Kg7 74. Rc6) 73... Kg7 $2 {[%mdl 8192]} (73... Rg7 $11) 74. h6+ Kh7 75. e6 Ra7 76. Kf4 (76. Rc4 $142 Nd6 77. Rd4) 76... Nf2 77. Rd6 $2 (77. Rb6 $1 $18 {aiming for Rb8.} Rc7 78. Kf3) 77... Ra4+ $1 $11 78. Kf3 Nh3 79. Rd7+ Kg8 $2 {[%mdl 8192]} (79... Kg6 $11) 80. Rg7+ {White mates.} Kh8 {[#]} 81. e7 $1 {[%cal Re7e8]} Ra3+ 82. Kg4 {[%cal Re7e8]} Ra4+ {[#]} 83. Kf5 $1 {[%cal Re7e8]} Ra5+ 84. Kf6 {[%cal Re7e8]} Ra6+ 85. Kf7 {[%cal Re7e8]} Ra7 86. Rg8+ Kh7 87. g6+ {Accuracy: White = 59%, Black = 44%.} 1-0

[Event "Commonwealth Open 2019"]
[Site "Delhi"]
[Date "2019.07.04"]
[Round "6.5"]
[White "Erigaisi, Arjun"]
[Black "Ajay Karthikeyan"]
[Result "1-0"]
[WhiteElo "2526"]
[BlackElo "2216"]
[Annotator "ChessBase"]
[PlyCount "57"]
[EventDate "2019.06.30"]
[EventType "swiss"]
[EventCountry "IND"]
[SourceTitle "playchess.com"]
[Source "ChessBase"]
[SourceQuality "1"]
[TimeControl "5400+30"]

1. d4 {[%emt 0:00:00]} d6 {[%emt 0:01:49]} 2. e4 {[%emt 0:01:27]} g6 {[%emt 0:00:25]} 3. Nc3 {[%emt 0:00:55]} Bg7 {[%emt 0:00:47]} 4. Be3 {[%emt 0:01:32]} c6 {[%emt 0:00:18]} 5. Qd2 {[%emt 0:01:52]} b5 {[%emt 0:00:42]} 6. f3 {[%emt 0:00:41]} Nd7 {[%emt 0:00:35]} 7. Rd1 {[%emt 0:05:51]} Nb6 {[%emt 0:04:58]} 8. b3 {[%emt 0:03:06]} Nf6 {[%emt 0:02:52]} 9. Bd3 {[%emt 0:08:10]} O-O {[%emt 0:01:54]} 10. Bh6 {[%emt 0:03:28]} e5 {[%emt 0:03:18]} 11. dxe5 {[%emt 0:04:50]} dxe5 {[%emt 0:00:35]} 12. h4 {[%emt 0:00:13]} b4 {[%emt 0:07:25]} 13. Nce2 {[%emt 0:02:51]} c5 {[%emt 0:00:32]} 14. h5 {[%emt 0:03:51]} Qe7 {[%emt 0:08:50]} 15. g4 {[%emt 0:01:38]} Bxh6 {[%emt 0:10:03]} 16. Qxh6 {[%emt 0:00:20]} Be6 {[%emt 0:01:41]} 17. Ng3 {[%emt 0:05:26]} c4 {[%emt 0:04:51]} 18. bxc4 {[%emt 0:02:20]} Bxc4 {[%emt 0:05:45]} 19. Rd2 {[%emt 0:10:21]} Bxd3 {[%emt 0:04:40]} 20. cxd3 {[%emt 0:00:51]} Rac8 {[%emt 0:08:58]} 21. Rdh2 {[%emt 0:01:24]} Rc7 22. N1e2 {[%emt 0:00:09]} Na4 {[%emt 0:07:54]} 23. g5 {[%emt 0:01:36]} Ne8 {[%emt 0:13:43]} 24. Qxh7+ Kxh7 {[%emt 0:00:01]} 25. hxg6+ {[%emt 0:00:22]} Kg8 {[%emt 0:00:09]} 26. Rh8+ {[%emt 0:00:07]} Kg7 {[%emt 0:00:03]} 27. Nf5+ {[%emt 0:00:07]} Kxg6 {[%emt 0:00:02]} 28. R8h6+ {[%emt 0:00:08]} Kxg5 {[%emt 0:00:03]} 29. R1h5# {[%emt 0:00:08]} 1-0

[Event "Commonwealth Open 2019"]
[Site "Delhi"]
[Date "2019.07.04"]
[Round "6.6"]
[White "Deepan, Chakkravarthy J."]
[Black "Nitin, S.."]
[Result "1-0"]
[WhiteElo "2557"]
[BlackElo "2398"]
[Annotator "TA"]
[PlyCount "65"]
[EventDate "2019.06.30"]
[EventType "swiss"]
[EventCountry "IND"]
[SourceTitle "playchess.com"]
[Source "ChessBase"]
[SourceQuality "1"]

{[%evp 16,65,22,0,13,8,16,14,28,12,31,6,14,17,12,2,31,33,23,33,90,90,76,56,40,63,56,44,49,55,220,221,233,245,613,613,602,568,938,586,705,702,816,830,796,795,1968,2063,1858,381,1830,1763]} 1. e4 c5 2. Nf3 d6 3. d4 cxd4 4. Nxd4 Nf6 5. Nc3 a6 6. Be2 e5 7. Nb3 Be7 8. O-O O-O 9. Kh1 Nc6 {B92: Sicilian Najdorf: 6 Be2} (9... b6 10. f3 Bb7 11. a4 Nc6 12. Bg5 Nb4 13. Nb1 a5 14. Na3 d5 15. c3 Na6 16. Bxf6 Bxf6 17. exd5 Bxd5 18. Nc4 Be6 19. Bd3 {½-½ (56) Ivanchuk,V (2714)-Adhiban,B (2682) Zagreb 2018}) 10. f3 b5 11. Be3 Be6 {The position is equal.} 12. a4 b4 13. Nd5 Bxd5 $1 14. exd5 Na5 15. Qd2 Nxb3 16. cxb3 Qa5 17. Rfd1 $146 ({Predecessor:} 17. Bc4) 17... Rfc8 {[#]} ({Better is} 17... Nd7 $14) 18. Rac1 $1 $16 Bd8 19. Rc6 Rxc6 $1 20. dxc6 d5 21. Rc1 $36 {[%mdl 2048] White has good play.} d4 22. Bg5 {Strongly threatening Bxf6.} e4 $2 {[#]} (22... Nd5 $14) 23. fxe4 $1 $18 Nxe4 24. Bxd8 Qe5 $2 (24... Qxd8 25. Qf4 (25. Qxb4 Nf2+ 26. Kg1 Nh3+ 27. Kh1 Nf2+ 28. Kg1 Nh3+ 29. Kh1 Nf2+ $11) 25... Qe7) 25. Qe1 Rxd8 26. Bxa6 {And now c7 would win.} Qg5 {intending ...Nf2+.} 27. Rc2 ({And not} 27. c7 Nf2+ 28. Kg1 Nh3+ 29. Kh1 Nf2+ 30. Kg1 Nh3+ 31. Kh1 Nf2+ $11) 27... d3 28. Bxd3 $1 Nc5 29. c7 Rc8 30. Re2 {Threatening mate with Re8+.} g6 31. Re8+ Rxe8 32. Qxe8+ Kg7 {( -> ...Qc1+)} 33. Qe2 {Accuracy: White = 81%, Black = 48%.} 1-0

[Event "Commonwealth Open 2019"]
[Site "Delhi"]
[Date "2019.07.04"]
[Round "6.7"]
[White "Sangma, Rahul"]
[Black "Iniyan, P."]
[Result "1/2-1/2"]
[WhiteElo "2298"]
[BlackElo "2525"]
[Annotator "ChessBase"]
[PlyCount "116"]
[EventDate "2019.06.30"]
[EventType "swiss"]
[EventCountry "IND"]
[SourceTitle "playchess.com"]
[Source "ChessBase"]
[SourceQuality "1"]
[TimeControl "5400+30"]

1. e4 {[%emt 0:00:00]} c5 {[%emt 0:00:25]} 2. Nf3 {[%emt 0:00:02]} d6 {[%emt 0:00:08]} 3. d4 {[%emt 0:00:07]} cxd4 {[%emt 0:00:08]} 4. Nxd4 {[%emt 0:00:03]} Nf6 {[%emt 0:00:11]} 5. f3 {[%emt 0:00:03]} a6 {[%emt 0:04:26]} 6. c4 {[%emt 0:00:04]} e6 {[%emt 0:00:06]} 7. Nc3 {[%emt 0:00:06]} Be7 {[%emt 0:00:05]} 8. Be3 {[%emt 0:00:05]} b6 {[%emt 0:00:06]} 9. Be2 {[%emt 0:02:55]} O-O {[%emt 0:00:11]} 10. O-O {[%emt 0:00:08]} Bb7 {[%emt 0:00:03]} 11. Qd2 {[%emt 0:00:40]} Qc7 {[%emt 0:00:10]} 12. Rfc1 {[%emt 0:01:57]} Nbd7 {[%emt 0:00:13]} 13. b4 {[%emt 0:02:01]} Rac8 {[%emt 0:00:09]} 14. Nb3 {[%emt 0:00:40]} Qb8 {[%emt 0:01:06]} 15. Bf1 {[%emt 0:01:53]} Rfe8 {[%emt 0:03:50]} 16. Qf2 {[%emt 0:08:11]} d5 {[%emt 0:07:29]} 17. cxd5 {[%emt 0:02:25]} Bd6 {[%emt 0:10:35]} 18. g3 {[%emt 0:07:04]} exd5 {[%emt 0:03:48]} 19. Nxd5 {[%emt 0:01:21]} Nxd5 {[%emt 0:01:12]} 20. exd5 {[%emt 0:00:04]} Rxc1 {[%emt 0:02:22]} 21. Rxc1 {[%emt 0:00:37]} Bxb4 {[%emt 0:01:34]} 22. Bxb6 {[%emt 0:07:38]} Bxd5 {[%emt 0:03:43]} 23. Bd4 {[%emt 0:01:07]} Ne5 {[%emt 0:10:42]} 24. Bxe5 {[%emt 0:09:08]} Qxe5 {[%emt 0:02:25]} 25. Bxa6 {[%emt 0:00:07]} Be1 {[%emt 0:02:23]} 26. Qe2 {[%emt 0:04:42]} Qb8 {[%emt 0:10:27]} 27. Qxe8+ {[%emt 0:05:42]} Qxe8 {[%emt 0:04:47]} 28. Rc8 {[%emt 0:00:02]} Qxc8 {[%emt 0:00:10]} 29. Bxc8 {[%emt 0:00:02]} Bxf3 {[%emt 0:00:06]} 30. Bf5 {[%emt 0:01:05]} Bd5 {[%emt 0:01:11]} 31. Bc2 {[%emt 0:00:06]} g6 {[%emt 0:02:26]} 32. a4 {[%emt 0:00:10]} f5 {[%emt 0:00:13]} 33. Nd4 {[%emt 0:05:33]} Kg7 {[%emt 0:00:49]} 34. Bb3 {[%emt 0:00:41]} Bb7 {[%emt 0:00:42]} 35. Bc4 {[%emt 0:00:03]} h5 {[%emt 0:02:44]} 36. Kf1 {[%emt 0:01:23]} Bb4 {[%emt 0:01:27]} 37. Nb3 {[%emt 0:01:14]} Bd6 {[%emt 0:00:33]} 38. a5 {[%emt 0:11:53]} h4 {[%emt 0:00:20]} 39. a6 {[%emt 0:00:49]} Ba8 {[%emt 0:01:10]} 40. Kf2 {[%emt 0:04:00]} hxg3+ {[%emt 0:05:01]} 41. hxg3 {[%emt 0:00:02]} Bc7 {[%emt 0:00:08]} 42. Be2 {[%emt 0:07:33]} Bb6+ {[%emt 0:00:15]} 43. Kf1 {[%emt 0:00:03]} Kf6 {[%emt 0:02:49]} 44. Nd2 {[%emt 0:00:16]} Bd5 {[%emt 0:00:37]} 45. Bf3 {[%emt 0:00:47]} Be6 {[%emt 0:00:18]} 46. Bb7 {[%emt 0:00:43]} Bd7 {[%emt 0:00:20]} 47. Kg2 {[%emt 0:01:07]} Bb5 {[%emt 0:00:09]} 48. Kf3 {[%emt 0:02:57]} Ke5 {[%emt 0:04:40]} 49. Kg2 {[%emt 0:00:39]} g5 {[%emt 0:00:22]} 50. g4 {[%emt 0:02:50]} fxg4 {[%emt 0:01:02]} 51. Ne4 {[%emt 0:00:35]} Kf4 {[%emt 0:01:57]} 52. Nc3 {[%emt 0:01:23]} Bc4 {[%emt 0:00:32]} 53. Nd5+ {[%emt 0:00:12]} Bxd5+ {[%emt 0:00:06]} 54. Bxd5 {[%emt 0:00:05]} g3 {[%emt 0:00:07]} 55. Ba8 {[%emt 0:00:04]} Ba7 {[%emt 0:00:05]} 56. Bc6 {[%emt 0:00:05]} Bb6 {[%emt 0:00:04]} 57. Ba8 {[%emt 0:00:05]} Ba7 {[%emt 0:00:04]} 58. Bd5 {[%emt 0:00:04]} Bb6 {[%emt 0:00:04]} 1/2-1/2